[Event "ROM-chT Rapid"]
[Site "Sebes"]
[Date "2023.12.02"]
[Round "8.4"]
[White "Toma, Radu Cristian"]
[Black "Olteanu, Gabriel Luca"]
[Result "1-0"]
[WhiteElo "2386"]
[BlackElo "1517"]
[PlyCount "107"]
[EventDate "2023.12.02"]
[EventType "team-swiss (rapid)"]
[EventRounds "8"]
[EventCountry "ROU"]
[SourceTitle "CB49_2023"]
[SourceDate "2023.12.06"]
[SourceVersion "1"]
[SourceVersionDate "2023.12.06"]
[SourceQuality "1"]
[WhiteTeam "Bucharest ASE"]
[BlackTeam "Central de Sah Club"]
[WhiteTeamCountry "ROU"]
[BlackTeamCountry "ROU"]

1. Nf3 Nf6 2. b3 d5 3. e3 e6 4. Bb2 b6 5. Bb5+ c6 6. Be2 Bd6 7. c4 Bb7 8. Nc3 a6 9. Qc2 Nbd7 10. d4 Qc7 11. e4 e5 12. Nxe5 Nxe5 13. dxe5 Bxe5 14. exd5 cxd5 15. Rc1 d4 16. Nd5 Nxd5 17. cxd5 Qxc2 18. Rxc2 Rd8 19. 0-0 Bxd5 20. Re1 0-0 21. Bxa6 Bf6 22. Bb5 Be6 23. Ba3 Rc8 24. Rec1 Rxc2 25. Rxc2 Rd8 26. Bd3 Bd5 27. Kf1 Re8 28. Bd6 g6 29. Bc7 Re6 30. h3 Be7 31. Re2 Bc5 32. Rxe6 fxe6 33. h4 Kg7 34. f3 Kf6 35. Bd8+ Kf7 36. Kf2 Bc6 37. Kg3 Ke8 38. Bc7 Kd7 39. Be5 Bd6 40. Kf4 Bb7 41. Bb5+ Bc6 42. Bxc6+ Kxc6 43. Bxd6 Kxd6 44. Ke4 e5 45. f4 exf4 46. Kxd4 h6 47. Ke4 Kc5 48. a3 g5 49. hxg5 hxg5 50. Kf5 Kd4 51. Kxg5 Kc3 52. b4 b5 53. Kxf4 Kb3 54. g4 1-0

[Event "FISCA Online op"]
[Site "Chess.com INT"]
[Date "2020.06.22"]
[Round "4"]
[White "Olteanu, Gabriel Luca"]
[Black "Mihailova, Alina"]
[Result "0-1"]
[WhiteElo "1300"]
[BlackElo "1741"]
[PlyCount "78"]
[EventDate "2020.06.19"]
[EventType "swiss"]
[EventRounds "9"]
[EventCountry "ROU"]
[SourceTitle "CBM 197 Extra"]
[Source "ChessBase"]
[SourceDate "2020.09.30"]
[SourceVersion "1"]
[SourceVersionDate "2020.09.30"]
[SourceQuality "1"]

1. e4 c5 2. Nf3 e6 3. d4 cxd4 4. Nxd4 Nf6 5. Nc3 d6 6. g3 Be7 7. Bg2 0-0 8. 0-0 Nc6 9. Be3 Bd7 10. Nxc6 Bxc6 11. f4 Qc7 12. Qe2 a6 13. g4 b5 14. g5 Nd7 15. Qh5 b4 16. Ne2 g6 17. Qh6 Rfe8 18. Qh3 Rac8 19. Nd4 Bb7 20. f5 exf5 21. exf5 Bxg2 22. Kxg2 Ne5 23. fxg6 hxg6 24. Rf2 Bf8 25. Raf1 Bg7 26. Nf3 Nc4 27. Bd4 Bxd4 28. Nxd4 Ne3+ 29. Kg1 Nxf1 30. Rxf1 Qc5 31. Rf4 Qxg5+ 32. Rg4 Qc1+ 33. Kg2 Rxc2+ 34. Nxc2 Qxc2+ 35. Kf3 Qd3+ 36. Kg2 Re2+ 37. Kh1 Qxh3 38. Rf4 Re1+ 39. Rf1 Rxf1# 0-1

[Event "ROM-ch U10"]
[Site "Calimanesti Caciulata"]
[Date "2019.04.18"]
[Round "5"]
[White "Ianchis, David Cristian"]
[Black "Olteanu, Gabriel Luca"]
[Result "0-1"]
[WhiteElo "1011"]
[BlackElo "1197"]
[PlyCount "80"]
[EventDate "2019.04.15"]
[EventType "swiss"]
[EventRounds "9"]
[EventCountry "ROU"]
[SourceTitle "CBM 190 Extra"]
[Source "ChessBase"]
[SourceDate "2019.07.15"]
[SourceVersion "1"]
[SourceVersionDate "2019.07.15"]
[SourceQuality "1"]

1. e4 e5 2. Nf3 Nc6 3. d4 exd4 4. Bc4 Nf6 5. e5 Ng4 6. h3 Ngxe5 7. Nxe5 Nxe5 8. Qe2 Qe7 9. Nd2 Nxc4 10. Qxe7+ Bxe7 11. Nxc4 d5 12. Nd2 Bf5 13. Nf3 c5 14. Kd2 Be4 15. Re1 Bxf3 16. gxf3 Kd7 17. Kd3 g5 18. Re5 Kd6 19. f4 Bf6 20. Re2 c4+ 21. Kd2 gxf4 22. Ke1 Bg5 23. f3 Rhe8 24. Rxe8 Rxe8+ 25. Kf1 c3 26. b3 Kc6 27. Ba3 Re3 28. Re1 Rxf3+ 29. Kg2 Rg3+ 30. Kh2 Re3 31. Rg1 Bh6 32. Rg2 f3 33. Rf2 Bf4+ 34. Kg1 Re1+ 35. Rf1 Be3+ 36. Kh2 Rxf1 37. h4 Rg1 38. h5 f2 39. h6 f1Q 40. b4 Qg2# 0-1

[Event "ROM-ch U08"]
[Site "Calimanesti"]
[Date "2018.04.01"]
[Round "7"]
[White "Gales, Randi Ioan"]
[Black "Olteanu, Gabriel Luca"]
[Result "0-1"]
[WhiteElo "1105"]
[BlackElo "1159"]
[PlyCount "86"]
[EventDate "2018.03.27"]
[EventType "swiss"]
[EventRounds "9"]
[EventCountry "ROU"]
[SourceTitle "CBM 183 Extra"]
[Source "ChessBase"]
[SourceDate "2018.04.19"]
[SourceVersion "1"]
[SourceVersionDate "2018.04.19"]
[SourceQuality "1"]

1. e4 e5 2. Nf3 Nc6 3. Bc4 Bc5 4. c3 Nf6 5. d4 exd4 6. cxd4 Bb4+ 7. Nc3 Nxe4 8. 0-0 Nxc3 9. bxc3 Bxc3 10. Ba3 d6 11. Rc1 Ba5 12. d5 Ne7 13. Qa4+ c6 14. dxc6 bxc6 15. Ng5 0-0 16. Qc2 Bf5 17. Qe2 h6 18. Nf3 Re8 19. Qd1 d5 20. Bb3 Bg4 21. Bxe7 Rxe7 22. Rxc6 Rd7 23. Qd3 Bxf3 24. Qxf3 d4 25. Qd3 Rc8 26. Rxc8 Qxc8 27. Bc2 g6 28. Rb1 Qc3 29. Qe2 Rd8 30. Bd3 Kf8 31. f3 Re8 32. Be4 f5 33. Qa6 Bb6 34. Qb7 fxe4 35. fxe4 Qe3+ 36. Kh1 Rxe4 37. Rf1+ Ke8 38. Qg7 Kd8 39. Qg8+ Re8 40. Qd5+ Kc8 41. Qc6+ Bc7 42. Qa8+ Kd7 43. Rf7+ Re7 0-1

[Event "ROM-ch U08"]
[Site "Calimanesti"]
[Date "2018.03.30"]
[Round "5"]
[White "Muresan, Marian Gabriel"]
[Black "Olteanu, Gabriel Luca"]
[Result "1-0"]
[WhiteElo "1066"]
[BlackElo "1159"]
[PlyCount "61"]
[EventDate "2018.03.27"]
[EventType "swiss"]
[EventRounds "9"]
[EventCountry "ROU"]
[SourceTitle "CBM 183 Extra"]
[Source "ChessBase"]
[SourceDate "2018.04.19"]
[SourceVersion "1"]
[SourceVersionDate "2018.04.19"]
[SourceQuality "1"]

1. e4 e5 2. Nf3 Nc6 3. Bc4 Bc5 4. 0-0 Nf6 5. d4 Bxd4 6. Nxd4 Nxd4 7. f4 Nc6 8. fxe5 Nxe5 9. Qd4 Qe7 10. Bf4 c5 11. Qxe5 Qxe5 12. Bxe5 d5 13. exd5 Ng4 14. Bxg7 Rg8 15. Bc3 Ne3 16. Re1 Rxg2+ 17. Kh1 Kf8 18. Rxe3 Rg4 19. Bb5 Bf5 20. Na3 Be4+ 21. Rxe4 Rxe4 22. Bd3 Rh4 23. Nc4 b5 24. Nd6 b4 25. Nf5 Rf4 26. Be5 Rf3 27. Be4 Rh3 28. d6 Re8 29. d7 Rd8 30. Bc6 Rh5 31. Bc7 1-0

[Event "ROM-ch U08"]
[Site "Calimanesti"]
[Date "2018.03.29"]
[Round "3"]
[White "Paunescu, Stefan Vlad"]
[Black "Olteanu, Gabriel Luca"]
[Result "1-0"]
[WhiteElo "1278"]
[BlackElo "1159"]
[PlyCount "87"]
[EventDate "2018.03.27"]
[EventType "swiss"]
[EventRounds "9"]
[EventCountry "ROU"]
[SourceTitle "CBM 183 Extra"]
[Source "ChessBase"]
[SourceDate "2018.04.19"]
[SourceVersion "1"]
[SourceVersionDate "2018.04.19"]
[SourceQuality "1"]

1. e4 e5 2. Nf3 Nc6 3. Bc4 Bc5 4. 0-0 Nf6 5. d4 Bxd4 6. Nxd4 Nxd4 7. f4 d6 8. fxe5 dxe5 9. Bg5 Bd7 10. Be3 Bc6 11. Nc3 Qd6 12. a3 h6 13. b4 0-0 14. b5 Bxe4 15. Rxf6 Qxf6 16. Nxe4 Qf5 17. Bd3 Qe6 18. Rb1 Rad8 19. Qe1 f5 20. Nd2 e4 21. Bc4 Rd5 22. Bxd4 Qd6 23. Bxd5+ Qxd5 24. Bf2 Re8 25. c4 Qd6 26. Rb3 Rd8 27. Nb1 Qd1 28. Re3 Qc2 29. Rc3 Qa4 30. Rc1 Rd3 31. Qe2 f4 32. Qxe4 Rd1+ 33. Rxd1 Qxd1+ 34. Qe1 Qxe1+ 35. Bxe1 Kf7 36. Bd2 g5 37. h4 Kf6 38. hxg5+ hxg5 39. Nc3 b6 40. Nd5+ Ke5 41. Bc3+ Kd6 42. Bb4+ c5 43. bxc6+ Kxc6 44. Be7 1-0

[Event "ROM-ch U08"]
[Site "Baile Felix"]
[Date "2017.02.04"]
[Round "3"]
[White "Pachita, David"]
[Black "Olteanu, Gabriel Luca"]
[Result "0-1"]
[WhiteElo "1001"]
[BlackElo "1039"]
[PlyCount "48"]
[EventDate "2017.02.02"]
[EventType "swiss"]
[EventRounds "9"]
[EventCountry "ROU"]
[SourceTitle "CBM 176 Extra"]
[Source "ChessBase"]
[SourceDate "2017.03.02"]
[SourceVersion "1"]
[SourceVersionDate "2017.03.02"]
[SourceQuality "1"]

1. e4 c5 2. Bb5 Nf6 3. f4 Nxe4 4. d3 Nf6 5. h4 Nc6 6. Be3 d6 7. Rh3 Bxh3 8. a4 Bxg2 9. Ra3 Qd7 10. Bc4 Ng4 11. Ba6 Nxe3 12. Bxb7 Nxd1 13. Kxd1 Qxb7 14. Rb3 Qd7 15. Rc3 Qg4+ 16. Kd2 Qxf4+ 17. Ke2 Nd4+ 18. Kd1 Qf1+ 19. Kd2 Rb8 20. Ke3 Rxb2 21. Na3 f5 22. Nc4 f4+ 23. Kd2 Rb1 24. Rb3 Qe1# 0-1